Construcción de un prototipo de una maquina compactadora doble uso de papel y aserrín
El presente trabajo tiene como objetivo principal el construir de manera sencilla un prototipo de una maquina compactadora doble uso de papel y aserrín. Para el aprovechamiento de residuos sólidos como el aserrín, papel de oficina y papel periódico.
| Main Authors: | , , |
|---|---|
| Other Authors: | |
| Format: | Tesis Section = Libro |
| Language: | Undetermined Spanish |
| Published: |
Managua
UNI
2021
|
| Subjects: |
| LEADER | 01149nam a2200265Ia 4500 | ||
|---|---|---|---|
| 008 | 240830s9999 xx 000 0 und d | ||
| 040 | |a BIBLIOTECA-RUPAP Mon 692.65 C352 | ||
| 041 | |a spa | ||
| 082 | |a Mon 692.65 C352 | ||
| 100 | 1 | |a Castillo García, Kenneth Neftalí | |
| 100 | 1 | |b García Blasio, Rolando José | |
| 100 | 1 | |c Mendoza Statsenko, Yegor Ernesto | |
| 245 | 1 | 0 | |a Construcción de un prototipo de una maquina compactadora doble uso de papel y aserrín |
| 260 | |a Managua |b UNI |c 2021 | ||
| 300 | |a 67 p. :il | ||
| 500 | |a Contiene: anexos y CD. | ||
| 502 | |a Tesis (Ingeniero Mecánico) - UNI, 2021. | ||
| 520 | 3 | |a El presente trabajo tiene como objetivo principal el construir de manera sencilla un prototipo de una maquina compactadora doble uso de papel y aserrín. Para el aprovechamiento de residuos sólidos como el aserrín, papel de oficina y papel periódico. | |
| 650 | 7 | |a BRIQUETAS-ELABORACION | |
| 650 | 7 | |b MAQUINAS COMPACTADORA - DISEÑO Y CONSTRUCCION | |
| 650 | 7 | |c RESIDUOS INDUSTRIALES - APROVECHAMIENTO | |
| 700 | 1 | |a Tutor: |b Blandino Rayo, Juan Oswaldo | |
| 942 | |c BK |2 ddc | ||
| 991 | |a TESIS | ||
| 999 | |c 18897 | ||